| 000 | 01177nam a22004097a 4500 | ||
|---|---|---|---|
| 001 | BR8203362 | ||
| 003 | BR-BrBNA | ||
| 005 | 20230928091334.0 | ||
| 007 | ta | ||
| 008 | 230509b bl.||||| |||| 00| 0 por d | ||
| 040 |
_aBR-BrBNA _bpor _cBiblioteca Nacional de Agricultura |
||
| 041 | _a(Por) | ||
| 072 |
_aP12; E30 _b/G514 |
||
| 090 | _ P12 BR8203362 | ||
| 110 | 1 |
_aSecretaria de Estado da Agricultura, Curitiba, PR (Brasil). Depto. de Economia Rural _98815 |
|
| 245 | 1 | _aPrograma nacional de aproveitamento de varzeas irrigaveis. PROVARZEA/PR [Parana, Brasil] | |
| 260 | 3 |
_aCuritiba, PR (Brasil): _c1982. |
|
| 300 | _a155 p. | ||
| 650 | _aVARZEA | ||
| 650 | _aDRENAGEM | ||
| 650 | _aIRRIGACAO | ||
| 650 | _aSANEAMENTO RURAL | ||
| 650 | _aMECANIZACAO AGRICOLA | ||
| 650 | _aCONSERVACAO DO SOLO | ||
| 650 | _aELETRIFICACAO RURAL | ||
| 650 | _aEXPLORACAO AGRICOLA | ||
| 650 | _aENGENHARIA AGRICOLA | ||
| 650 | _aABASTECIMENTO | ||
| 650 | _aARMAZENAMENTO | ||
| 650 | _aSILO | ||
| 650 | _aPESQUISA AGRICOLA | ||
| 650 | _aANALISE ECONOMICA | ||
| 650 | _aINVESTIMENTO | ||
| 650 | _aPARANA | ||
| 909 |
_a202309 _bLucia _c55 _dLucia Elande |
||
| 942 | _cBK | ||
| 999 |
_c33450 _d33450 |
||